Economies of the G20 Quiz Stats

 Plays Quiz Updated Mar 15, 2019

Score 0/20 Timer 04:00
2 Plays Today
Members % Correct
United States of America
99.3%
France
98%
United Kingdom
97.8%
Germany
97.7%
China
97.3%
Russia
96%
Japan
95.6%
Canada
95.5%
Brazil
95.3%
Italy
92.8%
Members % Correct
Australia
92%
India
90.5%
Mexico
90.1%
Argentina
87.6%
South Africa
83.4%
South Korea
78.1%
Indonesia
75.6%
Turkey
67.5%
Saudi Arabia
67.2%
European Union
17.6%

You're not logged in!

Compare scores with friends on all Sporcle quizzes.
OR
Log In

Sporcle TV

Today on Sporcle TV


Watch our educational content, quiz creation guides, and fun videos on Sporcle TV.

Show Comments

Extras

Top Quizzes Today


Score Distribution

Your Account Isn't Verified!

In order to create a playlist on Sporcle, you need to verify the email address you used during registration. Go to your Sporcle Settings to finish the process.

Report this User

Report this user for behavior that violates our Community Guidelines.

Details: